| 000 | 01236nam a2200289 i 4500 | ||
|---|---|---|---|
| 001 | 181098 | ||
| 003 | ES-MaACL | ||
| 005 | 20250804063440.0 | ||
| 008 | 121016s2011 sp a | |||||||| | spa d | ||
| 020 | _a978-84-9781-680-9 | ||
| 080 | _a355.415.6(460)"1909/27" | ||
| 080 | _a929(460)"18":61:355 | ||
| 100 | 1 |
_aBelaústegui Fernández, Alejandro, _d1935- _927126 |
|
| 245 | 1 | 0 |
_aSanitarios militares en la guerra de África, 1909-1927 / _cAlejandro Belaústegui Fernández. |
| 260 |
_a[Madrid] : _bMinisterio de Defensa, Dirección General de Relaciones Institucionales, _c2011. |
||
| 300 |
_a200 p. : _bil. col. y n. ; _c24 cm. |
||
| 490 | 1 |
_aLa lucha contra el olvido ; _v6 |
|
| 504 | _aBibliografía: p. [193]-196. | ||
| 650 | 4 |
_aConflicto hispano-marroquí, 1909-1927- _xAspectos sanitarios. _9151642 |
|
| 650 | 4 |
_aMédicos- _zEspaña- _vBiografías. _9144463 |
|
| 710 | 1 |
_aEspaña. _bMinisterio de Defensa _93853 |
|
| 830 | 1 | 3 |
_aLa lucha contra el olvido _v6 _9189172 |
| 852 | 4 |
_aES-MaACL _jA-12320 _9187981 _bR.148105 _cDEPO1 _dOlim: N-5325 _xDonación: Alejandro Belaústegui Fernández |
|
| 903 |
_aBelaústegui Fernández, Alejandro, _d1935- _ednr _927126 |
||
| 942 |
_2udc _cMONOGRAFIA |
||
| 999 |
_c181098 _d181098 |
||